Slovník pro historiky a návštěvníky archivů
Guardado en:
| Autor principal: | |
|---|---|
| Formato: | Libro |
| Publicado: |
Praha :
LIBRI,
2005
|
| Materias: | |
| Etiquetas: |
Sin Etiquetas, Sea el primero en etiquetar este registro!
|
MARC
| LEADER | 00000nam a22000003a 4500 | ||
|---|---|---|---|
| 001 | stu97580 | ||
| 005 | 20150617225815.7 | ||
| 008 | 051116s2005----------------------------d | ||
| 020 | |a 80-7277-175-2 | ||
| 040 | |a STU |b slo | ||
| 041 | 0 | ||
| 100 | 1 | |a Rameš, Václav |4 aut | |
| 245 | 1 | |a Slovník pro historiky a návštěvníky archivů | |
| 260 | |a Praha : |b LIBRI, |c 2005 | ||
| 300 | |a 431 s | ||
| 650 | 7 | |a archív |2 stusub | |
| 996 | |c A*4369 |l AA3130 |s P |a 0 |w stu97580_0001 | ||